Statistics for Biggest World Cities within 1,000 km or less depending on Population

Click here to take the quiz!

General Stats

  • This quiz has been taken 100 times
  • The average score is 238 of 381

Answer Stats

Country Dist to larger Pop City % Correct
United Kingdom 2,500,793 14,500,000 London
96%
United States 1,484,907 6,200,000 Miami
94%
Brazil 354,948 12,700,000 Rio de Janeiro
94%
Mexico 11,319,058 22,300,000 Mexico City
94%
Spain 506,210 4,650,000 Barcelona
94%
Japan 2,903,304 39,800,000 Tokyo
94%
France 341,153 11,300,000 Paris
94%
Norway 419,048 1,160,000 Oslo
94%
Portugal 504,830 2,550,000 Lisbon
94%
Spain 1,054,228 6,250,000 Madrid
94%
United States 3,360,952 22,200,000 New York
94%
Russia 2,899,392 17,100,000 Moscow
93%
Brazil 7,423,585 21,900,000 São Paulo
93%
Russia 635,974 5,500,000 Saint Petersburg
93%
Finland 300,862 1,250,000 Helsinki
93%
Argentina 1,674,284 16,000,000 Buenos Aires
93%
United States 299,564 7,550,000 Boston
93%
United States 567,800 7,700,000 San Francisco
93%
Italy 657,446 4,250,000 Naples
93%
United States 1,092,021 4,175,000 Seattle
93%
United States 330,834 8,400,000 Washington
93%
Cuba 365,500 2,225,000 Havana
92%
Morocco 831,660 4,225,000 Casablanca
92%
Germany 450,210 4,550,000 Berlin
92%
Venezuela 938,446 3,725,000 Caracas
92%
Czech Republic 251,180 1,400,000 Prague
92%
Egypt 3,564,591 17,100,000 Cairo
92%
Sweden 691,207 2,125,000 Stockholm
92%
Denmark 289,042 1,630,000 Copenhagen
92%
United States 869,150 5,600,000 Atlanta
92%
United States 2,479,925 17,700,000 Los Angeles
92%
United Kingdom 284,945 1,640,000 Glasgow
90%
Canada 541,558 7,200,000 Toronto
90%
Colombia 1,869,717 9,500,000 Bogotá
90%
New Zealand 2,161,299 1,510,000 Auckland
90%
Italy 643,038 5,150,000 Milan
90%
Yemen 861,650 2,525,000 Sana'a
90%
China 958,363 20,700,000 Beijing
90%
Algeria 518,376 3,725,000 Algiers
90%
United States 1,158,410 9,800,000 Chicago
90%
Tunisia 570,385 2,525,000 Tunis
90%
Ukraine 758,503 3,400,000 Kiev
90%
Bulgaria 297,253 1,330,000 Sofia
89%
Bolivia 1,078,911 1,940,000 La Paz
89%
Brazil 623,585 3,900,000 Brasília
89%
United States 361,966 6,350,000 Houston
89%
Canada 405,920 4,125,000 Montréal
89%
United States 3,852,376 1,010,000 Honolulu
89%
United States 1,282,510 6,750,000 Dallas
89%
Dominican Republic 1,337,275 3,750,000 Santo Domingo
89%
Turkey 351,817 4,750,000 Ankara
89%
Chile 1,139,635 7,150,000 Santiago
89%
China 40,000,000 48,600,000 Guangzhou
89%
Peru 3,130,652 10,100,000 Lima
89%
Australia 5,380,895 4,975,000 Sydney
89%
Germany 255,228 2,800,000 Hamburg
89%
Australia 2,729,575 2,025,000 Perth
89%
Greece 570,650 3,400,000 Athens
89%
Guatemala 1,059,757 3,050,000 Guatemala City
89%
Poland 260,942 2,300,000 Warsaw
89%
United States 568,130 4,400,000 Phoenix
89%
Portugal 273,216 1,150,000 Porto
89%
United States 365,334 2,150,000 Las Vegas
89%
Serbia 316,640 1,400,000 Belgrade
87%
United States 934,666 3,600,000 Denver
87%
Panama 511,091 1,490,000 Panama City
87%
Indonesia 3,319,480 28,900,000 Jakarta
87%
Jamaica 475,172 937,700 Kingston
87%
Turkey 1,243,141 14,600,000 Istanbul
87%
Philippines 1,242,199 24,100,000 Manila
87%
Australia 708,090 4,500,000 Melbourne
87%
India 3,654,004 27,200,000 Delhi
87%
China 1,201,620 31,100,000 Shanghai
87%
United States 334,903 5,700,000 Detroit
87%
Hungary 690,818 2,600,000 Budapest
87%
India 887,045 23,600,000 Mumbai
87%
Saudi Arabia 991,417 6,900,000 Riyadh
87%
Paraguay 825,124 2,250,000 Asunción
87%
United Arab Emirates 855,742 4,150,000 Dubai
87%
South Korea 870,162 24,800,000 Seoul
87%
Kenya 667,985 5,350,000 Nairobi
86%
Tanzania 2,453,110 5,550,000 Dar es Salaam
86%
Vietnam 552,556 3,450,000 Hanoi
86%
Sudan 1,606,963 5,700,000 Khartoum
86%
Senegal 1,800,939 3,400,000 Dakar
86%
South Africa 4,483,581 13,100,000 Johannesburg
86%
United States 326,404 4,150,000 Tampa
86%
South Africa 1,261,454 4,050,000 Cape Town
86%
Romania 439,744 2,200,000 Bucharest
86%
Iraq 695,368 7,000,000 Baghdad
86%
Australia 655,304 1,310,000 Adelaide
86%
France 269,817 1,650,000 Marseille
86%
Thailand 1,533,225 17,400,000 Bangkok
86%
Libya 513,225 1,140,000 Tripoli
86%
Iran 1,913,195 14,000,000 Tehran
86%
Ethiopia 987,453 3,550,000 Addis Ababa
86%
United States 566,420 3,075,000 Minneapolis
86%
Belarus 435,259 1,980,000 Minsk
86%
Latvia 362,941 742,572 Riga
85%
Kuwait 537,454 4,275,000 Kuwait City
85%
Croatia 266,996 800,000 Zagreb
85%
Bangladesh 1,425,504 17,900,000 Dhaka
85%
France 342,795 1,960,000 Lyon
85%
United States 413,186 2,375,000 Saint Louis
85%
Democratic Republic of the Congo 1,781,875 10,900,000 Kinshasa
85%
United States 512,174 1,010,000 New Orleans
85%
Jordan 494,335 5,200,000 Amman
85%
Costa Rica 871,607 1,860,000 San José
83%
Mexico 459,781 5,050,000 Guadalajara
83%
Japan 404,198 17,800,000 Osaka
83%
Vietnam 748,087 8,300,000 Ho Chi Minh City
83%
United States 398,243 2,100,000 San Juan
83%
Ecuador 272,264 2,600,000 Quito
83%
Angola 549,102 7,450,000 Luanda
83%
Japan 831,748 2,475,000 Sapporo
83%
Nigeria 6,366,857 17,600,000 Lagos
83%
Ghana 411,511 4,700,000 Accra
83%
Canada 675,973 1,460,000 Calgary
83%
Pakistan 1,101,472 25,100,000 Karachi
83%
United States 2,134,851 291,826 Anchorage
82%
United States 308,858 2,075,000 San Antonio
82%
Azerbaijan 541,889 2,475,000 Baku
82%
United States 382,302 1,940,000 Kansas City
82%
Malaysia 316,899 6,800,000 Kuala Lumpur
82%
Zimbabwe 396,741 2,350,000 Harare
82%
Armenia 279,232 1,480,000 Yerevan
82%
United States 601,835 2,325,000 Salt Lake City
82%
Madagascar 1,610,906 2,275,000 Antananarivo
82%
Haiti 257,352 2,900,000 Port-au-Prince
82%
Singapore 889,416 6,950,000 Singapore
82%
Taiwan 358,780 9,050,000 Taipei
82%
Mexico 633,156 4,750,000 Monterrey
82%
Australia 738,282 2,900,000 Brisbane
82%
Canada 277,347 1,320,000 Edmonton
82%
Somalia 1,021,181 1,770,000 Mogadishu
82%
India 253,112 16,200,000 Kolkata
80%
Namibia 1,141,872 268,132 Windhoek
80%
Sri Lanka 682,701 4,700,000 Colombo
80%
India 837,187 10,800,000 Bangalore
80%
Afghanistan 370,269 3,850,000 Kabul
80%
Spain 313,868 1,320,000 Seville
80%
South Africa 501,780 3,275,000 Durban
80%
Iceland 1,325,275 118,918 Reykjavik
79%
Malaysia 275,400 1,520,000 George Town
79%
Nigeria 340,208 2,950,000 Abuja
79%
Guyana 521,689 235,017 Georgetown
79%
Oman 380,743 1,230,000 Muscat
79%
United Kingdom 1,296,382 538 Georgetown
79%
Zambia 1,190,873 2,375,000 Lusaka
79%
Pakistan 423,835 10,500,000 Lahore
77%
Uganda 503,338 3,125,000 Kampala
77%
Liberia 359,117 1,380,000 Monrovia
77%
Côte d'Ivoire 832,256 5,200,000 Abidjan
77%
Nicaragua 342,289 1,300,000 Managua
77%
India 295,339 10,300,000 Chennai
77%
China 565,712 6,850,000 Xi'an
77%
Brazil 340,863 4,950,000 Belo Horizonte
77%
Uzbekistan 754,277 2,675,000 Tashkent
77%
United States 361,509 2,325,000 Charlotte
77%
United States 300,541 1,110,000 Oklahoma City
76%
Spain 298,414 1,960,000 Valencia
76%
Mongolia 839,697 1,340,000 Ulaanbaatar
76%
Guinea 706,567 2,300,000 Conakry
76%
Brazil 1,294,273 2,125,000 Manaus
76%
Italy 310,659 648,260 Palermo
76%
Djibouti 432,179 623,891 Djibouti
76%
United States 338,493 1,390,000 Nashville
76%
Ukraine 391,674 1,090,000 Odessa
75%
Brazil 1,630,075 3,775,000 Recife
75%
Kazakhstan 666,491 1,920,000 Almaty
75%
Cameroon 925,832 3,025,000 Yaoundé
75%
Canada 619,204 632,063 Winnipeg
75%
Eritrea 436,608 563,930 Asmara
75%
Fiji 1,332,868 77,366 Suva
75%
France 437,452 1,020,000 Bordeaux
75%
South Sudan 513,663 300,000 Juba
75%
Denmark 1,437,609 14,798 Nuuk
73%
India 445,248 7,650,000 Ahmedabad
73%
Myanmar 575,254 5,250,000 Yangon
73%
United States 314,011 1,150,000 Memphis
73%
China 508,317 5,300,000 Harbin
73%
Saudi Arabia 847,548 4,375,000 Jeddah
73%
Mali 920,112 3,050,000 Bamako
73%
Colombia 299,203 2,975,000 Cali
73%
South Korea 328,277 4,200,000 Busan
72%
Papua New Guinea 2,086,510 283,733 Port Moresby
72%
Brazil 667,234 3,675,000 Salvador
72%
Russia 1,018,947 1,620,000 Yekaterinburg
72%
India 500,045 9,200,000 Hyderabad
72%
Nepal 446,082 2,850,000 Kathmandu
72%
Niger 414,968 1,150,000 Niamey
72%
Rwanda 376,643 1,040,000 Kigali
72%
Nigeria 833,706 4,275,000 Kano
72%
Brazil 844,647 4,075,000 Porto Alegre
72%
Germany 447,829 5,700,000 The Ruhr
72%
Chad 710,982 1,250,000 N'Djamena
70%
Mexico 288,783 542,043 Cancun
70%
Mauritania 405,854 1,100,000 Nouakchott
70%
Central African Republic 783,810 1,080,000 Bangui
70%
Turkey 303,567 2,975,000 Izmir
70%
Australia 1,284,522 25,186 Alice Springs
70%
Russia 1,291,814 1,670,000 Novosibirsk
70%
Mozambique 456,806 2,250,000 Maputo
70%
Ecuador 994,788 3,025,000 Guayaquil
70%
Russia 611,177 1,180,000 Omsk
69%
Malawi 515,762 1,120,000 Lilongwe
69%
China 1,240,118 9,750,000 Chengdu
69%
United States 347,521 2,750,000 Cincinnati
69%
Burkina Faso 628,382 2,150,000 Ouagadougou
68%
United States 366,745 545,852 Albuquerque
68%
Russia 402,982 1,760,000 Nizhny Novgorod
68%
Samoa 1,151,095 40,407 Apia
68%
Brazil 627,205 3,625,000 Fortaleza
68%
China 1,692,998 3,675,000 Ürümqi
68%
Australia 582,515 216,656 Hobart
68%
Canada 641,432 359,111 Halifax
66%
Brazil 1,129,860 2,150,000 Belém
66%
China 568,000 8,100,000 Wuhan
66%
Saudi Arabia 332,425 1,370,000 Medina
66%
Tajikistan 305,294 679,400 Dushanbe
66%
China 505,643 10,100,000 Xiamen
65%
South Africa 662,255 1,270,000 Port Elizabeth
65%
Russia 500,421 1,410,000 Volgograd
65%
Argentina 646,645 1,630,000 Córdoba
63%
Seychelles 1,085,020 22,881 Victoria
63%
Colombia 344,279 2,025,000 Barranquilla
62%
Syria 313,124 1,800,000 Aleppo
62%
Indonesia 573,286 4,775,000 Surabaya
61%
Philippines 570,255 2,550,000 Cebu
61%
Libya 652,054 650,629 Benghazi
61%
China 272,419 7,200,000 Chongqing
59%
China 334,746 4,600,000 Dalian
59%
Russia 593,062 319,263 Murmansk
59%
Solomon Islands 1,402,385 56,298 Honiara
59%
Kenya 308,766 1,150,000 Mombasa
59%
Gabon 405,212 578,156 Libreville
59%
Iran 737,481 3,150,000 Mashhad
58%
Ukraine 250,654 1,460,000 Donetsk
58%
Algeria 350,007 1,370,000 Oran
58%
Mexico 562,348 1,450,000 Ciudad Juárez
58%
India 415,181 3,400,000 Lucknow
58%
Venezuela 519,617 2,525,000 Maracaibo
58%
Poland 307,009 2,375,000 Katowice
56%
Bolivia 542,079 1,920,000 Santa Cruz
56%
Russia 527,658 1,320,000 Samara
56%
Myanmar 443,796 1,440,000 Mandalay
55%
China 560,410 7,800,000 Shenyang
55%
Iraq 340,301 1,470,000 Mosul
55%
Brazil 342,223 3,325,000 Curitiba
55%
Russia 522,030 586,695 Irkutsk
54%
Spain 619,788 381,847 Las Palmas de Gran Canaria
54%
Argentina 278,753 1,350,000 Rosario
54%
Ukraine 411,934 1,650,000 Kharkiv
54%
Nigeria 310,918 2,125,000 Port Harcourt
52%
Kiribati 1,871,457 40,311 Tarawa
52%
Russia 292,050 1,230,000 Kazan
51%
Russia 348,008 1,120,000 Ufa
51%
Philippines 402,826 1,480,000 Davao
51%
Indonesia 342,000 3,450,000 Medan
51%
Iran 330,642 2,800,000 Isfahan
49%
Saudi Arabia 387,119 2,450,000 Dammam
49%
Ukraine 294,312 717,803 Lviv
49%
United Kingdom 2,429,913 271 Edinburgh of the Seven Seas
48%
China 436,082 5,850,000 Qingdao
46%
Russia 729,505 356,051 Arkhangel'sk
46%
Iran 350,338 1,760,000 Shiraz
45%
United Kingdom 1,083,559 1,896 Saint George's
45%
Mexico 627,883 1,090,000 Mérida
45%
Democratic Republic of the Congo 422,445 1,930,000 Lubumbashi
45%
Russia 290,955 1,110,000 Perm
45%
Russia 1,353,697 235,600 Yakutsk
45%
China 630,939 4,050,000 Kunming
45%
Vietnam 493,591 752,493 Da Nang
44%
China 322,882 3,275,000 Nanning
44%
Indonesia 313,228 1,550,000 Denpasar
44%
China 251,543 5,950,000 Wenzhou
42%
China 441,188 4,800,000 Zhengzhou
42%
India 422,216 3,075,000 Nagpur
42%
Brazil 483,409 1,420,000 São Luís
41%
Brazil 256,393 1,390,000 Natal
41%
China 292,433 4,525,000 Changsha
41%
Japan 310,119 1,500,000 Sendai
41%
Japan 626,638 1,200,000 Naha
41%
Democratic Republic of the Congo 745,682 1,910,000 Mbuji-Mayi
41%
Iran 400,215 1,640,000 Tabriz
39%
France 2,409,937 29,851 Faaa
39%
France 1,457,289 93,060 Noumea
39%
Morocco 398,237 1,120,000 Agadir
39%
Russia 634,608 1,110,000 Krasnoyarsk
38%
Pakistan 426,512 1,210,000 Quetta
37%
Taiwan 297,305 2,800,000 Kaohsiung
37%
Mexico 340,870 809,232 Chihuahua
37%
Peru 361,656 841,130 Arequipa
37%
Indonesia 775,307 1,810,000 Makassar
35%
Russia 1,512,430 187,282 Petropavlovsk-Kamchatsky
35%
Australia 1,087,639 196,219 Townsville
35%
India 338,896 2,875,000 Indore
35%
United Kingdom 1,917,835 637 Jamestown
34%
Chile 521,540 309,832 Antofagasta
34%
China 505,061 2,925,000 Lanzhou
34%
Russia 374,028 502,533 Astrakhan'
34%
United States 2,039,593 48,220 Saipan
32%
Indonesia 421,909 1,710,000 Palembang
32%
India 286,797 1,350,000 Jodhpur
32%
China 273,092 4,025,000 Jinan
32%
Peru 702,330 437,620 Iquitos
31%
China 370,187 1,850,000 Haikou
31%
France 3,345,646 45 Port-aux-Francais
31%
Brazil 557,969 521,934 Cuiaba
30%
Russia 333,129 1,090,000 Saratov
30%
Colombia 286,819 1,140,000 Bucaramanga
28%
China 262,034 3,750,000 Nanchang
28%
Zimbabwe 365,668 699,385 Bulawayo
28%
Brazil 373,856 1,820,000 Vitória
28%
Russia 1,082,126 140,800 Noril'sk
28%
Chile 432,991 1,000,000 Concepción
28%
Russia 286,734 1,040,000 Voronezh
28%
China 266,250 2,625,000 Xuzhou
28%
Mozambique 449,562 530,604 Beira
28%
Mexico 310,544 1,310,000 Torreón
28%
--- 3,482,608 1,258 McMurdo Station
27%
China 360,518 4,275,000 Taiyuan
27%
India 433,090 2,025,000 Vishakhapatnam
27%
Mexico 479,691 595,811 Hermosillo
27%
Russia 1,492,816 10,332 Anadyr
27%
Brazil 329,500 1,020,000 Teresina
27%
Brazil 759,009 306,180 Porto Velho
27%
Peru 483,604 747,450 Trujillo
27%
Australia 1,021,265 15,044 Port Hedland
25%
Republic of the Congo 383,945 1,020,000 Pointe-Noire
25%
Indonesia 1,046,424 134,895 Jayapura
25%
Russia 250,691 606,730 Yaroslavl
24%
Chile 3,530,798 4,000 Hanga Roa
24%
New Zealand 1,139,160 13,373 Avarua
24%
China 331,021 2,950,000 Guiyang
24%
Democratic Republic of the Congo 606,513 539,158 Kisangani
24%
United Kingdom 1,455,632 2 Grytviken
24%
Russia 335,616 550,204 Orenburg
24%
Federated States of Micronesia 1,016,144 13,856 Weno
24%
Russia 359,960 579,000 Khabarovsk
24%
Brazil 619,105 729,151 Campo Grande
23%
Venezuela 522,005 746,535 Ciudad Guayana
23%
Indonesia 682,092 355,596 Ambon
23%
Malaysia 671,891 457,326 Kota Kinabalu
21%
Brazil 649,363 235,150 Boa Vista
21%
Indonesia 259,374 2,075,000 Semarang
21%
Argentina 343,718 553,935 Mar del Plata
20%
Malaysia 702,293 570,407 Kuching
20%
Russia 640,738 300,367 Surgut
20%
Russia 300,480 519,119 Tyumen
20%
India 357,384 1,770,000 Bhubaneswar
20%
Argentina 517,173 781,023 San Miguel de Tucuman
20%
India 302,940 1,080,000 Guwahati
18%
Ecuador 1,054,510 8,996 Puerto Ayora
18%
India 372,845 1,070,000 Hubli
18%
Mexico 409,684 582,469 Culiacan
18%
Turkey 267,402 644,763 Diyarbakir
18%
China 387,630 2,200,000 Baotou
18%
France 1,536,333 1,103 Rikitea
17%
Iran 441,175 577,514 Kerman
17%
Indonesia 282,283 1,220,000 Pekanbaru
17%
France 1,401,752 1,762 Atuona
17%
Indonesia 513,303 451,893 Manado
17%
Indonesia 722,345 282,396 Kupang
15%
Indonesia 514,491 700,000 Balikpapan
15%
Kazakhstan 574,027 451,800 Karagandy
15%
China 346,508 1,550,000 Yinchuan
15%
Kiribati 1,895,621 1,881 Tabwakea Village
14%
Tanzania 561,702 291,649 Mbeya
14%
Uzbekistan 502,106 230,006 Nukus
14%
Iran 375,760 551,980 Zahedan
13%
China 258,827 1,580,000 Xiangyang
13%
Côte d'Ivoire 275,742 567,481 Bouake
13%
Brazil 254,796 563,536 Uberlandia
13%
Nigeria 342,067 563,861 Sokoto
13%
Indonesia 344,134 572,837 Banjarmasin
11%
China 331,673 743,307 Hegang
10%
China 316,793 1,137,600 Lijiang
10%
India 259,370 515,574 Shiliguri
8%
China 256,168 665,915 Mudanjiang
7%
Iran 271,502 766,706 Kahriz
3%

Score Distribution

Percentile by Number Answered

Percent of People with Each Score

Your Score History

You have not taken this quiz